000 00590naa a2200217 i 4500
001 73764
003 ES-MaBCM
005 20241016120109.0
008 010326s2001 fra 000 0 fre d
021 _axx
035 _a(OCoLC)1365158769
040 _cES-MaBCM
041 0 _afre
043 _afra
100 1 _aBarge, Pierre
_93563
245 1 0 _a36000 communes, chance ou menace?
_cPierre Barge
650 2 7 _aMunicipio
_959504
651 4 _aFrancia
_9115364
773 0 _aEn:
_tProblèmes économiques
_dParis : 2001
_w104496
_gnº 2.702, févr., p. 5-7. - Loc. S.428
942 _cAREV
999 _c73764
_d73764